[Event "2eme tournoi dechecs des Trois Vallees Automne 2023"]
[Site "Tihange"]
[Date "2023.09.20"]
[Round "3.1"]
[White "Werner, Ivan"]
[Black "Hautot, Stephane"]
[Result "1/2-1/2"]
[WhiteElo "2058"]
[BlackElo "2354"]
[PlyCount "0"]
[EventDate "2023.10.04"]
[SourceDate "2023.10.04"]
[WhiteTeam "BEL"]
[BlackTeam "BEL"]

1. e4 d6 2. d4 Nf6 3. Nc3 Nbd7 4. f4 e5 5. Nf3 exd4 6. Qxd4 c6 7. Bd2 Qb6 8. 
O-O-O Qxd4 9. Nxd4 Nc5 10. Re1 g6 11. e5 dxe5 12. Rxe5+ Kd8 13. Bc4 Ng4 14. 
Re2 Bg7 15. Nf3 Be6 16. Bxe6 Nxe6 17. Rd1 Kc7 18. h3 Nf6 19. Ng5 Rae8 20. 
Nxf7 Rhf8 21. Ne5 Nh5 22. Nd3 Ng3 23. Ree1 Nf5 24. Re4 Nd6 25. Re2 b6 26. 
Rde1 Kd7 27. Ne5+ Bxe5 28. fxe5 Nc4 29. Bh6 Rf5 30. b3 Na5 31. Ne4 Re7 32. g4 1/2-1/2

[Event "2eme tournoi dechecs des Trois Vallees Automne 2023"]
[Site "Tihange"]
[Date "2023.09.20"]
[Round "3.2"]
[White "Gulbas, Cemil"]
[Black "Dambiermont, Marc"]
[Result "1-0"]
[WhiteElo "2347"]
[BlackElo "1816"]
[PlyCount "0"]
[EventDate "2023.10.04"]
[SourceDate "2023.10.04"]
[WhiteTeam "TUR"]
[BlackTeam "BEL"]

1. d4 d5 2. Nf3 Nf6 3. c4 e6 4. g3 Be7 5. Bg2 O-O 6. O-O c6 7. Qc2 Nbd7 8. 
Rd1 Re8 9. Nc3 Nf8 10. e4 dxe4 11. Nxe4 Nxe4 12. Qxe4 Qc7 13. h4 a5 14. h5 f5 
15. Qe2 Bf6 16. h6 Ng6 17. hxg7 Qxg7 18. Bg5 Bd7 19. Bxf6 Qxf6 20. Ne5 Re7 
21. Rd3 a4 22. Re1 Nxe5 23. dxe5 Qf8 24. Red1 Be8 25. Qe3 Qg7 26. c5 h6 27. 
Rd4 Kh7 28. R1d3 Bg6 29. Ra3 Rd7 30. Rxd7 Qxd7 31. Rd3 Qf7 32. Qd2 Re8 33. 
Rd4 Qg7 34. Qf4 Ra8 35. Bf1 Ra5 36. Qc1 f4 37. Qc3 1-0

[Event "2eme tournoi dechecs des Trois Vallees Automne 2023"]
[Site "Tihange"]
[Date "2023.09.20"]
[Round "3.3"]
[White "Memeti, Kastriot"]
[Black "Charlier, Laurent"]
[Result "1-0"]
[WhiteElo "2153"]
[BlackElo "1719"]
[PlyCount "0"]
[EventDate "2023.10.04"]
[SourceDate "2023.10.04"]
[WhiteTeam "BEL"]
[BlackTeam "BEL"]

1. d4 d6 2. Nf3 Nf6 3. Bf4 Bg4 4. Nbd2 c6 5. c3 Nbd7 6. Qb3 Qb6 7. h3 Bh5 8. 
e3 O-O-O 9. g4 Bg6 10. Nh4 e5 11. Qxb6 axb6 12. Bg3 e4 13. Bg2 Re8 14. O-O 
Re6 15. a4 d5 16. a5 bxa5 17. Rxa5 Nb6 18. Rfa1 Ne8 19. Nb3 Bd6 20. Nc5 Bxg3 
21. fxg3 Re7 22. b3 Kb8 23. Bf1 Nc7 24. c4 Rhe8 25. Be2 Nc8 26. R5a2 f6 27. 
Kf2 Ne6 28. Nxe6 Rxe6 29. cxd5 cxd5 30. Bb5 Rd8 31. Ra8+ Kc7 32. Rc1+ Rc6 33. 
Bxc6 bxc6 34. Ra6 Be8 35. Ng2 Kb7 36. Rca1 g5 37. Ne1 h5 38. gxh5 Bxh5 39. 
Nc2 Bf3 40. Ne1 Bh5 41. g4 Bg6 42. Kg3 Rh8 43. Ra8 Rh7 44. R8a2 Be8 45. Rf2 
Rh6 46. Ng2 Ne7 47. Raf1 Ng8 48. h4 Bd7 49. hxg5 fxg5 50. Rf7 Kc7 51. Rg7 Rf6 
52. Rxf6 Nxf6 53. Rxg5 Kb6 54. Nf4 Kb5 55. Rg7 Nxg4 56. Rxg4 Bxg4 57. Kxg4 
Kb4 58. Kf5 Kxb3 59. Ke5 Kc4 60. Kd6 Kb5 61. Nxd5 1-0	

[White "Battistelli, Fausto"]
[Black "Uhoda, Philippe"]
[Result "1/2-1/2"]
[WhiteElo "1824"]
[BlackElo "2064"]
[PlyCount "0"]
[EventDate "2023.10.04"]
[SourceDate "2023.10.04"]
[WhiteTeam "BEL"]
[BlackTeam "BEL"]

1. e4 c5 2. Nf3 a6 3. d4 cxd4 4. Nxd4 Nf6 5. Nc3 e5 6. Nb3 Bb4 7. Bd3 d5 8. 
exd5 Qxd5 9. O-O Bxc3 10. bxc3 O-O 11. c4 Qc6 12. Bb2 Nbd7 13. Re1 Re8 14. 
Qd2 b6 15. f3 a5 16. Qg5 h6 17. Qg3 Ba6 18. Nd2 Rad8 19. Kh1 Nh5 20. Qh4 Nf4 
21. Bf1 g5 22. Qf2 Qc5 23. Ne4 Qxf2 24. Nxf2 Ne6 25. Ng4 h5 26. Nxe5 Nxe5 27. 
Rxe5 Rc8 28. Rae1 Ng7 29. h3 Rxe5 30. Rxe5 f6 31. Re4 Kf7 32. Kg1 Nf5 33. Ba3 
Rc7 34. Bd3 Ng7 35. Rd4 Ne6 36. Rd6 Bxc4 37. Rxb6 1/2-1/2

[Event "2eme tournoi dechecs des Trois Vallees Automne 2023"]
[Site "Tihange"]
[Date "2023.09.20"]
[Round "3.5"]
[White "Evers, Shaman"]
[Black "Munster, Pierre"]
[Result "1/2-1/2"]
[WhiteElo "1791"]
[BlackElo "2023"]
[PlyCount "0"]
[EventDate "2023.10.04"]
[SourceDate "2023.10.04"]
[WhiteTeam "FRA"]
[BlackTeam "BEL"]

1. e4 c5 2. Nf3 g6 3. d4 cxd4 4. Nxd4 Nc6 5. Be3 Bg7 6. Nc3 Nf6 7. f3 O-O 8. 
Qd2 d5 9. exd5 Nxd5 10. Nxc6 bxc6 11. Bd4 e5 12. Bc5 Re8 13. Ne4 Qc7 14. 
O-O-O Be6 15. Bc4 Red8 16. Bb3 a5 17. Qf2 a4 18. Bxd5 Rxd5 19. Nc3 Rxd1+ 20. 
Rxd1 Qb7 21. Qh4 Bd5 22. Qe7 Qa6 23. Qc7 Qc4 24. Ba3 Qf4+ 25. Kb1 Qxh2 26. 
Qb7 Rd8 27. Be7 Re8 28. Qd7 Rb8 29. Qc7 Re8 30. Qd7 Rb8 31. Qc7 1/2-1/2

[Event "2eme tournoi dechecs des Trois Vallees Automne 2023"]
[Site "Tihange"]
[Date "2023.09.20"]
[Round "3.6"]
[White "Visse, Bernard"]
[Black "Wolf, Pierre"]
[Result "1/2-1/2"]
[WhiteElo "1693"]
[BlackElo "1858"]
[PlyCount "0"]
[EventDate "2023.10.04"]
[SourceDate "2023.10.04"]
[WhiteTeam "BEL"]
[BlackTeam "BEL"]

1. d4 Nf6 2. Nf3 c6 3. e3 d6 4. Bd3 Bg4 5. h3 Bh5 6. g4 Bg6 7. b3 Ne4 8. Bb2 
e6 9. Bxe4 Bxe4 10. Nbd2 Bxf3 11. Nxf3 Nd7 12. Qd2 d5 13. Ne5 Bd6 14. O-O-O 
Qe7 15. Nxd7 Kxd7 16. e4 Ba3 17. exd5 Bxb2+ 18. Kxb2 cxd5 19. f4 Rhe8 20. 
Rhe1 Qd6 21. Qg2 a5 22. f5 a4 23. fxe6+ fxe6 24. Qf3 Ra6 25. Rd3 Rf8 26. Qg3 
a3+ 27. Kb1 Qxg3 28. Rxg3 Rc6 29. Rge3 Rf2 30. R1e2 Rxe2 31. Rxe2 Rc3 32. Rh2 
Re3 33. Rh1 Kd6 34. Kc1 e5 35. dxe5+ Kxe5 36. Kd2 Kd4 37. h4 Rg3 38. g5 Rg2+ 
39. Kc1 Rg3 40. Kd2 b5 41. Rf1 Rg2+ 42. Kc1 Rg4 43. Rh1 b4 44. Rh3 Rg1+ 45. 
Kd2 Ra1 46. Rd3+ Kc5 47. Rf3 Rxa2 48. Rf1 Kd4 49. Rf4+ Kc5 50. Rf1 Rb2 51. 
Kc1 Ra2 52. Kb1 Rb2+ 53. Kc1 1/2-1/2

[Event "2eme tournoi dechecs des Trois Vallees Automne 2023"]
[Site "Tihange"]
[Date "2023.09.20"]
[Round "3.7"]
[White "De Ryck, Jacques"]
[Black "Noiroux, Kevin"]
[Result "0-1"]
[WhiteElo "1486"]
[BlackElo "2183"]
[PlyCount "0"]
[EventDate "2023.10.04"]
[SourceDate "2023.10.04"]
[WhiteTeam "BEL"]
[BlackTeam "BEL"]

1. d4 d5 2. c4 e6 3. cxd5 exd5 4. Nc3 Nf6 5. Bg5 Nbd7 6. e3 Be7 7. Nf3 c6 8. 
Ne5 Nxe5 9. dxe5 Ng4 10. Bf4 g5 11. Bg3 Qb6 12. Qc2 h5 13. h3 Nh6 14. a3 Nf5 
15. Bh2 d4 16. exd4 Nxd4 17. Qd2 Nb3 0-1

[Event "2eme tournoi dechecs des Trois Vallees Automne 2023"]
[Site "Tihange"]
[Date "2023.09.20"]
[Round "3.8"]
[White "Chazard, Patrick"]
[Black "Adans-Dester, Alexandre"]
[Result "1-0"]
[WhiteElo "1879"]
[BlackElo "1686"]
[PlyCount "0"]
[EventDate "2023.10.04"]
[SourceDate "2023.10.04"]
[WhiteTeam "BEL"]
[BlackTeam "BEL"]

1. c4 e5 2. g3 c6 3. d4 e4 4. Bg2 d5 5. Nc3 Nf6 6. Bg5 Nbd7 7. cxd5 cxd5 8. 
Qa4 Qb6 9. Qb5 Qxb5 10. Nxb5 Bb4+ 11. Nc3 h6 12. Bd2 Bxc3 13. Bxc3 O-O 14. e3 
Nb6 15. b3 Bd7 16. a4 Rac8 17. Rc1 Rc6 18. h3 Rfc8 19. Ne2 R8c7 20. O-O Nc8 
21. Bb2 Rc2 22. Ba1 b5 23. Rxc2 Rxc2 24. Nc3 b4 25. Nxd5 Nxd5 26. Bxe4 Bxh3 
27. Bxc2 Bxf1 28. Kxf1 Nd6 29. Ke2 f5 30. f3 Nf6 31. Bd3 g5 32. Bc4+ Kf8 33. 
Be6 Ke7 34. d5 Nde8 35. Bd4 Ng7 36. Bc5+ Ke8 37. Bxa7 Nxe6 38. dxe6 Nd5 39. 
Bc5 h5 40. e4 fxe4 41. fxe4 Nc7 42. Bxb4 Nxe6 43. Ke3 Kd7 44. e5 h4 45. gxh4 
gxh4 46. Bd6 h3 47. Kf2 Kc6 48. a5 Nd8 49. Kg3 Nb7 50. b4 Nxd6 51. exd6 Kxd6 
52. Kxh3 Kc6 53. Kg4 Kb5 54. Kf5 Ka6 55. Ke6 Ka7 56. Kd5 Ka6 57. Kc5 Kb7 58. 
b5 Ka7 59. Kc6 Ka8 60. Kc7 Ka7 61. b6+ Ka8 62. b7+ 1-0

[Event "2eme tournoi dechecs des Trois Vallees Automne 2023"]
[Site "Tihange"]
[Date "2023.09.20"]
[Round "3.9"]
[White "Bikady, Claude"]
[Black "Freres, Hugo"]
[Result "1-0"]
[WhiteElo "1820"]
[BlackElo "1625"]
[PlyCount "0"]
[EventDate "2023.10.04"]
[SourceDate "2023.10.04"]
[WhiteTeam "BEL"]
[BlackTeam "BEL"]

1. e4 c6 2. d4 d5 3. f3 e6 4. Nc3 Nf6 5. e5 Nfd7 6. Nce2 c5 7. c3 Nc6 8. f4 
Be7 9. Nf3 O-O 10. g3 f6 11. Bg2 b5 12. O-O fxe5 13. fxe5 a5 14. Nf4 Nb6 15. 
Bh3 Kh8 16. Nxe6 Bxe6 17. Bxe6 b4 18. Kg2 bxc3 19. bxc3 cxd4 20. cxd4 Nc4 21. 
h4 h6 22. Rb1 Ba3 23. Qd3 Bxc1 24. Rbxc1 Nb4 25. Qg6 Ra6 26. Ng5 Ne3+ 27. Kh3 
Qxg5 28. hxg5 hxg5 29. Qh5# 1-0

[Event "2eme tournoi dechecs des Trois Vallees Automne 2023"]
[Site "Tihange"]
[Date "2023.09.20"]
[Round "3.10"]
[White "Timmermans, Daniel"]
[Black "Brunet Vrijens, Leo"]
[Result "1/2-1/2"]
[WhiteElo "1811"]
[BlackElo "1557"]
[PlyCount "0"]
[EventDate "2023.10.04"]
[SourceDate "2023.10.04"]
[WhiteTeam "BEL"]
[BlackTeam "BEL"]

1. d4 Nf6 2. c4 e6 3. Nf3 d5 4. Nc3 c6 5. Bg5 dxc4 6. e4 b5 7. e5 h6 8. Bh4 
g5 9. Nxg5 hxg5 10. Bxg5 Nbd7 11. g3 Bb7 12. Bg2 Qb6 13. exf6 O-O-O 14. O-O 
c5 15. Bxb7+ Qxb7 16. dxc5 Bxc5 17. Qe2 Bd4 18. Qe4 Qb6 19. Nxb5 Qxb5 20. 
Qxd4 Qxg5 21. Qxc4+ Kb8 22. Qb3+ Nb6 23. a4 Qd5 24. Qxd5 Nxd5 25. Rad1 Nxf6 
26. h4 Kc7 27. Kg2 Rd5 28. Rxd5 exd5 29. Kf3 Rb8 30. Rc1+ Kd6 31. Rc2 Rb4 32. 
a5 Ra4 33. a6 Rxa6 34. Kf4 Rc6 35. Re2 Kc5 36. Rc2+ Kb5 37. Re2 Kb4 38. Kf5 
Ne4 39. Ke5 Re6+ 40. Kd4 Nf6 41. Rc2 Re4+ 42. Kd3 Rc4 43. Re2 Re4 1/2-1/2

[Event "2eme tournoi dechecs des Trois Vallees Automne 2023"]
[Site "Tihange"]
[Date "2023.09.20"]
[Round "3.12"]
[White "Romboni, Charles"]
[Black "Rosar, Daniel"]
[Result "0-1"]
[WhiteElo "1480"]
[BlackElo "1771"]
[PlyCount "0"]
[EventDate "2023.10.04"]
[SourceDate "2023.10.04"]
[WhiteTeam "BEL"]
[BlackTeam "BEL"]

1. e4 c5 2. Nf3 a6 3. b3 e6 4. Bb2 d6 5. d4 cxd4 6. Nxd4 Nf6 7. Nd2 e5 8. 
N4f3 Qa5 9. Bd3 Nbd7 10. O-O Nc5 11. Qe2 Be7 12. Rfd1 b5 13. a4 bxa4 14. Nc4 
Qc7 15. bxa4 Be6 16. Nfd2 O-O 17. f3 Nfd7 18. Ne3 Bg5 19. Bc4 Nb6 20. Bxe6 
Nxe6 21. Ndc4 Rfd8 22. Kf1 Nxc4 23. Nxc4 Nf4 0-1

[Event "2eme tournoi dechecs des Trois Vallees Automne 2023"]
[Site "Tihange"]
[Date "2023.09.20"]
[Round "3.13"]
[White "Engelen, Audric"]
[Black "Gheury, Jean-Marie"]
[Result "1/2-1/2"]
[WhiteElo "1364"]
[BlackElo "1743"]
[PlyCount "0"]
[EventDate "2023.10.04"]
[SourceDate "2023.10.04"]
[WhiteTeam "BEL"]
[BlackTeam "BEL"]

1. e4 Nf6 2. e5 Nd5 3. c4 Nb6 4. d4 d6 5. exd6 cxd6 6. Nc3 g6 7. h3 Bg7 8. 
Nf3 O-O 9. Be2 Nc6 10. O-O Bf5 11. Bf4 e5 12. Bg5 f6 13. Be3 Qe7 14. d5 Nd8 
15. a4 Nf7 16. a5 Nc8 17. Qc1 Qd8 18. b4 Bd7 19. c5 f5 20. a6 b6 21. c6 Be8 
22. Ng5 Nxg5 23. Bxg5 Bf6 24. Bxf6 Qxf6 25. Nb5 Rf7 26. Qc3 Re7 27. Rfe1 g5 
28. Rad1 h5 29. f3 Rg7 30. Rf1 f4 31. Bd3 g4 32. fxg4 hxg4 33. hxg4 Rxg4 34. 
Be4 Bg6 35. Bf3 Rg3 1/2-1/2

[Event "2eme tournoi dechecs des Trois Vallees Automne 2023"]
[Site "Tihange"]
[Date "2023.09.20"]
[Round "3.14"]
[White "Jortay, Olivier"]
[Black "Walrant, Toan"]
[Result "0-1"]
[WhiteElo "1605"]
[BlackElo "1510"]
[PlyCount "0"]
[EventDate "2023.10.04"]
[SourceDate "2023.10.04"]
[WhiteTeam "BEL"]
[BlackTeam "BEL"]

1. c4 Nf6 2. Nc3 g6 3. g3 Bg7 4. Bg2 O-O 5. e3 d6 6. Nge2 c5 7. b3 Nc6 8. a3 
Nh5 9. Bb2 f5 10. Bf3 Ne5 11. Bxh5 Nd3+ 12. Kf1 Nxb2 13. Qc2 Nxc4 14. bxc4 
gxh5 15. Nf4 h4 16. Rb1 e5 17. Ng2 h3 18. Ne1 f4 19. Qe4 fxg3 20. hxg3 Kh8 
21. Qd5 Qe7 22. Rh2 Rb8 23. d3 a6 24. Rb6 Rd8 25. Qh1 Be6 26. Nd5 Qf7 27. a4 
Rbc8 28. a5 Rc6 29. Ke2 Bxd5 30. Qxd5 Qxd5 31. cxd5 Rxb6 32. axb6 Bf6 33. e4 
Ra8 34. Rxh3 Kg7 35. Nc2 Bd8 36. Rh1 a5 37. Ne3 a4 38. Nf5+ Kg8 39. Nxd6 a3 
40. Nc4 a2 41. Ra1 Ra6 42. Kd2 Bxb6 43. Nxb6 Rxb6 44. Rxa2 Kf7 45. Kc3 Rd6 
46. Ra7 Rd7 47. Kc4 b5+ 48. Kxb5 Rxa7 49. Kxc5 Ke7 50. f4 exf4 51. gxf4 h5 
52. Kd4 h4 53. Ke3 h3 54. Kf3 Ra2 0-1

[Event "2eme tournoi dechecs des Trois Vallees Automne 2023"]
[Site "Tihange"]
[Date "2023.09.20"]
[Round "3.15"]
[White "Brunet, David"]
[Black "Dumont, Ronan"]
[Result "1-0"]
[WhiteElo "1541"]
[BlackElo "1410"]
[PlyCount "0"]
[EventDate "2023.10.04"]
[SourceDate "2023.10.04"]
[WhiteTeam "BEL"]
[BlackTeam "BEL"]

1. e4 e5 2. f4 exf4 3. Nf3 d5 4. exd5 Qxd5 5. Nc3 Qd8 6. d4 Bd6 7. Bc4 Ne7 8. 
O-O O-O 9. Ne4 Bg4 10. c3 Ng6 11. Qb3 Bxf3 12. Rxf3 Nh4 13. Rf1 f3 14. Bg5 
Be7 15. Bxh4 fxg2 16. Rxf7 Bxh4 1-0

[Event "2eme tournoi dechecs des Trois Vallees Automne 2023"]
[Site "Tihange"]
[Date "2023.09.20"]
[Round "3.16"]
[White "Pierret, Dimitri"]
[Black "Blois, Dominique"]
[Result "0-1"]
[WhiteElo "1500"]
[BlackElo "1302"]
[PlyCount "0"]
[EventDate "2023.10.04"]
[SourceDate "2023.10.04"]
[WhiteTeam "BEL"]
[BlackTeam "FRA"]

1. d4 Nf6 2. c4 g6 3. Nc3 Bg7 4. e4 d6 5. Nf3 O-O 6. Be2 Nbd7 7. O-O e5 8. d5 
Nc5 9. Bg5 h6 10. Bxf6 Bxf6 11. b4 Nd7 12. Qd2 Bg7 13. Ne1 Nf6 14. f4 exf4 
15. Rxf4 c6 16. Rc1 Qb6+ 17. Kh1 Qxb4 18. Nc2 Qa5 19. Rcf1 Nd7 20. Nb1 Qxd2 
21. Nxd2 h5 22. Ne1 Bh6 23. R4f2 Bxd2 24. Bxh5 Bxe1 0-1

[Event "2eme tournoi dechecs des Trois Vallees Automne 2023"]
[Site "Tihange"]
[Date "2023.09.20"]
[Round "3.17"]
[White "Dumont, Thomas"]
[Black "Albert, Julien"]
[Result "0-1"]
[WhiteElo "1348"]
[BlackElo "1685"]
[PlyCount "0"]
[EventDate "2023.10.04"]
[SourceDate "2023.10.04"]
[WhiteTeam "BEL"]
[BlackTeam "BEL"]

1. d4 d5 2. Nf3 Nf6 3. Bf4 e6 4. Nbd2 Bd6 5. Ne5 c5 6. e3 O-O 7. Rc1 b6 8. g4 
Qc7 9. Qf3 Nbd7 10. Qg3 Ne8 11. Bb5 f6 12. Nxd7 Bxd7 13. Bxd7 Qxd7 14. h4 
Bxf4 15. exf4 Nd6 16. b3 cxd4 17. O-O Rac8 18. Qd3 e5 19. f5 Rc3 20. Qe2 Rfc8 
21. Nb1 d3 22. Qe1 Rxc2 23. Rd1 e4 24. Nd2 Rxa2 25. f3 Rcc2 26. Rf2 Qc7 27. 
fxe4 dxe4 28. Nxe4 Re2 29. Nxd6 Rxe1+ 30. Rxe1 Re2 31. Rfxe2 dxe2 32. Ne4 Qc2 
33. Ng3 Qxb3 34. Kf2 a5 35. Rxe2 a4 36. Ne4 a3 37. Nd6 Qb2 0-1

[Event "2eme tournoi dechecs des Trois Vallees Automne 2023"]
[Site "Tihange"]
[Date "2023.09.20"]
[Round "3.18"]
[White "Halleux, Stephane"]
[Black "Fox, Pierre"]
[Result "0-1"]
[WhiteElo "1285"]
[BlackElo "1684"]
[PlyCount "0"]
[EventDate "2023.10.04"]
[SourceDate "2023.10.04"]
[WhiteTeam "BEL"]
[BlackTeam "BEL"]

1. d4 d5 2. c4 dxc4 3. e4 Nc6 4. Nc3 Qxd4 5. Be3 Qxd1+ 6. Rxd1 Bd7 7. Bxc4 e6 
8. Nf3 Bb4 9. Bd2 Nge7 10. a3 Ba5 11. b4 Bb6 12. O-O O-O 13. Na4 Rfd8 14. 
Nxb6 axb6 15. Bc1 Ng6 16. Rd2 Be8 17. Rfd1 Rxd2 18. Rxd2 Nce5 19. Nxe5 Nxe5 
20. Bb3 b5 21. f4 Nc6 22. Bb2 Rd8 23. Rxd8 Nxd8 24. f5 Bc6 25. Bc2 exf5 26. 
exf5 f6 27. h4 Nf7 28. Kf2 Kf8 29. g3 Ke7 30. Bc1 Nd6 31. Ke3 Bg2 32. Kf4 Nc4 
33. g4 b6 34. g5 c5 35. Be4 Bf1 36. Bd5 Ne5 37. Be4 Kd6 38. Be3 Bd3 39. h5 
fxg5+ 0-1

[Event "2eme tournoi dechecs des Trois Vallees Automne 2023"]
[Site "Tihange"]
[Date "2023.09.20"]
[Round "3.19"]
[White "Lazzari, Irene"]
[Black "Makrygiannis, Georgios"]
[Result "0-1"]
[WhiteElo "1222"]
[BlackElo "1607"]
[PlyCount "0"]
[EventDate "2023.10.04"]
[SourceDate "2023.10.04"]
[WhiteTeam "BEL"]
[BlackTeam "BEL"]

1. b3 e5 2. Bb2 Nc6 3. e3 d5 4. Bb5 Bd6 5. f4 f6 6. Qh5+ g6 7. Qe2 a6 8. 
Bxc6+ bxc6 9. d3 Nh6 10. h3 O-O 11. Nd2 exf4 12. O-O-O Re8 13. e4 Nf5 14. Nf1 
a5 15. Qf2 Ng7 16. g3 g5 17. Nf3 dxe4 18. dxe4 Rxe4 19. gxf4 Bxf4+ 20. N3d2 
Qf8 21. h4 h6 22. hxg5 hxg5 23. Rh6 Re6 24. Rh1 Qe7 25. Rh8+ Kf7 26. Kb1 c5 
27. Nh2 Bb7 28. Rxa8 Bxa8 29. Rf1 Re2 30. Qg1 Rxh2 31. Nf3 Bxf3 32. Rxf3 Qe2 
33. Rd3 Qxc2+ 0-1